[Event "OeISM_Blitz_u18_Girls"]
[Site "austriagirlsU18"]
[Date "2020.12.11"]
[Round "5"]
[White "Miriamk"]
[Black "Gritschb"]
[Result "1/2-1/2"]
[WhiteElo "1549"]
[BlackElo "1556"]
[Annotator "NA"]
[PlyCount "132"]
[EventDate "2020.12.11"]
[EventType "blitz"]

1. e4 {[%emt 0:00:02]} c5 {[%emt 0:00:01]} 2. Nf3 {[%emt 0:00:01]} Nc6 {[%emt 0:00:01]} 3. d4 {[%emt 0:00:04]} cxd4 {[%emt 0:00:01]} 4. Nxd4 {[%emt 0:00:01]} g6 {[%emt 0:00:01]} 5. Be3 {[%emt 0:00:14]} Bg7 {[%emt 0:00:03]} 6. Nc3 {[%emt 0:00:03]} Nf6 {[%emt 0:00:04]} 7. f3 {[%emt 0:00:03]} O-O {[%emt 0:00:04]} 8. Qd2 {[%emt 0:00:07]} d5 {[%emt 0:00:03]} 9. O-O-O {[%emt 0:00:15]} dxe4 {[%emt 0:00:05]} 10. Nxe4 {[%emt 0:00:17]} Nxe4 {[%emt 0:00:03]} 11. fxe4 {[%emt 0:00:05]} Bg4 {[%emt 0:00:14]} 12. Nxc6 {[%emt 0:00:30]} Qxd2+ {[%emt 0:00:09]} 13. Rxd2 {[%emt 0:00:05]} bxc6 {[%emt 0:00:01]} 14. h3 {[%emt 0:00:05]} Be6 {[%emt 0:00:02]} 15. Kb1 {[%emt 0:00:17]} Rab8 {[%emt 0:00:03]} 16. b3 {[%emt 0:00:32]} a5 {[%emt 0:00:02] Miriamk reconnected.} 17. Bc5 {[%emt 0:00:13]} Rfe8 {[%emt 0:00:06]} 18. Be2 {[%emt 0:00:04]} a4 {[%emt 0:00:04]} 19. Rhd1 {[%emt 0:00:04]} axb3 {[%emt 0:00:05]} 20. cxb3 {[%emt 0:00:03]} f5 {[%emt 0:00:05]} 21. Bf3 {[%emt 0:00:14]} Rb5 {[%emt 0:00:28]} 22. Ba3 {[%emt 0:00:06]} Ra8 {[%emt 0:00:08]} 23. Bb2 {[%emt 0:00:03]} Bh6 {[%emt 0:00:17]} 24. Rd8+ {[%emt 0:00:03]} Rxd8 {[%emt 0:00:02]} 25. Rxd8+ {[%emt 0:00:01]} Kf7 {[%emt 0:00:09]} 26. exf5 {[%emt 0:00:02]} Bxf5+ {[%emt 0:00:02]} 27. Ka1 {[%emt 0:00:02]} Bg7 {[%emt 0:00:10]} 28. Bxc6 {[%emt 0:00:03]} Rc5 {[%emt 0:00:11]} 29. Be8+ {[%emt 0:00:09]} Kg8 {[%emt 0:00:19]} 30. Bd7+ {[%emt 0:00:04]} Bf8 {[%emt 0:00:05]} 31. Bxf5 {[%emt 0:00:03]} Rxf5 {[%emt 0:00:01]} 32. Rd1 {[%emt 0:00:02]} Rf2 {[%emt 0:00:03]} 33. g4 {[%emt 0:00:02]} Rh2 {[%emt 0:00:01]} 34. a4 {[%emt 0:00:04]} Rxh3 {[%emt 0:00:02]} 35. Ka2 {[%emt 0:00:01]} e5 {[%emt 0:00:04]} 36. Re1 {[%emt 0:00:03]} Bd6 {[%emt 0:00:05]} 37. Bxe5 {[%emt 0:00:02]} Bxe5 {[%emt 0:00:03]} 38. Rxe5 {[%emt 0:00:01]} Rh2+ {[%emt 0:00:01]} 39. Ka3 {[%emt 0:00:01]} Rh1 {[%emt 0:00:01]} 40. a5 {[%emt 0:00:01]} Kf7 {[%emt 0:00:04]} 41. a6 {[%emt 0:00:02]} Ra1+ {[%emt 0:00:02]} 42. Kb4 {[%emt 0:00:01]} Rxa6 {[%emt 0:00:01]} 43. Re3 {[%emt 0:00:01]} Kf6 {[%emt 0:00:03]} 44. Rh3 {[%emt 0:00:02]} Ra7 {[%emt 0:00:05]} 45. Kc4 {[%emt 0:00:02]} Kg5 {[%emt 0:00:01]} 46. Rg3 {[%emt 0:00:01]} h5 {[%emt 0:00:02]} 47. gxh5+ {[%emt 0:00:01]} Kxh5 {[%emt 0:00:01]} 48. b4 {[%emt 0:00:01]} g5 {[%emt 0:00:03]} 49. b5 {[%emt 0:00:01]} Kh4 {[%emt 0:00:03]} 50. Rg1 {[%emt 0:00:02]} g4 {[%emt 0:00:10]} 51. b6 {[%emt 0:00:02]} Rb7 {[%emt 0:00:01]} 52. Kc5 {[%emt 0:00:01]} Rf7 {[%emt 0:00:06]} 53. Kc6 {[%emt 0:00:03]} Rf6+ {[%emt 0:00:02]} 54. Kc7 {[%emt 0:00:01]} Rf7+ {[%emt 0:00:02]} 55. Kc6 {[%emt 0:00:02]} Rf6+ {[%emt 0:00:01]} 56. Kb7 {[%emt 0:00:01]} g3 {[%emt 0:00:02]} 57. Ka7 {[%emt 0:00:05]} Rf2 {[%emt 0:00:03]} 58. b7 {[%emt 0:00:02]} Ra2+ {[%emt 0:00:02]} 59. Kb8 {[%emt 0:00:01]} Kh3 {[%emt 0:00:03]} 60. Kc8 {[%emt 0:00:07]} Rc2+ {[%emt 0:00:02]} 61. Kb8 {[%emt 0:00:01]} g2 {[%emt 0:00:02]} 62. Ra1 {[%emt 0:00:06]} Kh2 {[%emt 0:00:03]} 63. Ka7 {[%emt 0:00:01]} Rc7 {[%emt 0:00:05]} 64. Ka8 {[%emt 0:00:02]} g1=Q {[%emt 0:00:15]} 65. Rxg1 {[%emt 0:00:02]} Rxb7 {[%emt 0:00:02]} 66. Kxb7 {[%emt 0:00:02]} Kxg1 {[%emt 0:00:02] No Material (Lag: Av=0.48s, max=1.1s)} 1/2-1/2

[Event "OeISM_Blitz_u18_Girls"]
[Site "austriagirlsU18"]
[Date "2020.12.11"]
[Round "6"]
[White "Lena Weingraber"]
[Black "Miriamk"]
[Result "0-1"]
[WhiteElo "1567"]
[BlackElo "1550"]
[Annotator "NA"]
[PlyCount "64"]
[EventDate "2020.12.11"]
[EventType "blitz"]

1. c4 {[%emt 0:00:04]} e6 {[%emt 0:00:02]} 2. Nf3 {[%emt 0:00:02]} Nf6 {[%emt 0:00:02]} 3. g3 {[%emt 0:00:02]} d5 {[%emt 0:00:02]} 4. cxd5 {[%emt 0:00:03]} exd5 {[%emt 0:00:04]} 5. Bg2 {[%emt 0:00:04]} c6 {[%emt 0:00:04]} 6. O-O {[%emt 0:00:06]} Bd6 {[%emt 0:00:09]} 7. d3 {[%emt 0:00:10]} O-O {[%emt 0:00:05]} 8. Nc3 {[%emt 0:00:08]} Bg4 {[%emt 0:00:10]} 9. h3 {[%emt 0:00:07]} Bd7 {[%emt 0:00:07]} 10. Kh2 {[%emt 0:00:03]} Re8 {[%emt 0:00:06]} 11. b3 {[%emt 0:00:07]} Qc7 {[%emt 0:00:13]} 12. Bb2 {[%emt 0:00:09]} Na6 {[%emt 0:00:26]} 13. Rc1 {[%emt 0:00:10]} Nh5 {[%emt 0:00:27]} 14. Qe1 {[%emt 0:00:17]} Nc5 {[%emt 0:00:12]} 15. Kg1 {[%emt 0:00:18]} Nxd3 {[%emt 0:00:05]} 16. Qd2 {[%emt 0:00:21]} Nxc1 {[%emt 0:00:04]} 17. Bxc1 {[%emt 0:00:04]} Nf6 {[%emt 0:00:07]} 18. e3 {[%emt 0:00:11]} Qc8 {[%emt 0:00:06]} 19. g4 {[%emt 0:00:08]} Qc7 {[%emt 0:00:26]} 20. Ne2 {[%emt 0:00:02]} Ne4 {[%emt 0:00:02]} 21. Qc2 {[%emt 0:00:15]} a5 {[%emt 0:00:06]} 22. Bb2 {[%emt 0:00:12]} Rad8 {[%emt 0:00:17]} 23. Nc3 {[%emt 0:00:10]} Nxc3 {[%emt 0:00:04]} 24. Bxc3 {[%emt 0:00:00]} Qc8 {[%emt 0:00:06]} 25. Ng5 {[%emt 0:00:05]} g6 {[%emt 0:00:07]} 26. Nf3 {[%emt 0:00:10]} Bxg4 {[%emt 0:00:03]} 27. hxg4 {[%emt 0:00:02]} Qxg4 {[%emt 0:00:01]} 28. Qd3 {[%emt 0:00:10]} Re4 {[%emt 0:00:03]} 29. Nh2 {[%emt 0:00:03]} Qh4 {[%emt 0:00:03]} 30. Bh3 {[%emt 0:00:08]} Qxh3 {[%emt 0:00:03]} 31. Be5 {[%emt 0:00:03]} Bxe5 {[%emt 0:00:02]} 32. f3 {[%emt 0:00:02]} Qxh2# {[%emt 0:00:01] Mate} 0-1

[Event "OeISM_Blitz_u18_Girls"]
[Site "austriagirlsU18"]
[Date "2020.12.11"]
[Round "6"]
[White "Gritschb"]
[Black "Magdalena_m"]
[Result "0-1"]
[WhiteElo "1556"]
[BlackElo "1757"]
[Annotator "NA"]
[PlyCount "51"]
[EventDate "2020.12.11"]
[EventType "blitz"]

1. e4 {[%emt 0:00:03]} c6 {[%emt 0:00:02]} 2. d4 {[%emt 0:00:02]} d5 {[%emt 0:00:01]} 3. exd5 {[%emt 0:00:01]} cxd5 {[%emt 0:00:01]} 4. c4 {[%emt 0:00:00]} Nf6 {[%emt 0:00:01]} 5. Nc3 {[%emt 0:00:02]} Nc6 {[%emt 0:00:02]} 6. Nf3 {[%emt 0:00:03]} Bg4 {[%emt 0:00:03]} 7. Be3 {[%emt 0:00:02]} g6 {[%emt 0:00:07]} 8. h3 {[%emt 0:00:03]} Bxf3 {[%emt 0:00:02]} 9. Qxf3 {[%emt 0:00:20]} dxc4 {[%emt 0:00:06]} 10. Bxc4 {[%emt 0:00:25]} Bg7 {[%emt 0:00:07]} 11. Rd1 {[%emt 0:00:05]} O-O {[%emt 0:00:03]} 12. O-O {[%emt 0:00:02]} Rc8 {[%emt 0:00:05]} 13. Bb3 {[%emt 0:00:02]} Na5 {[%emt 0:00:14]} 14. d5 {[%emt 0:00:26]} Nxb3 {[%emt 0:00:06]} 15. axb3 {[%emt 0:00:02]} a6 {[%emt 0:00:04]} 16. Na4 {[%emt 0:00:07]} Qa5 {[%emt 0:00:05]} 17. Bb6 {[%emt 0:00:18]} Qb4 {[%emt 0:00:06]} 18. Rd4 {[%emt 0:00:12]} Qd6 {[%emt 0:00:08]} 19. Rfd1 {[%emt 0:00:12]} Nd7 {[%emt 0:00:02]} 20. Ba5 {[%emt 0:00:43]} Bxd4 {[%emt 0:00:07]} 21. Rxd4 {[%emt 0:00:02]} Rc1+ {[%emt 0:00:15]} 22. Rd1 {[%emt 0:00:01]} Rxd1+ {[%emt 0:00:02]} 23. Qxd1 {[%emt 0:00:01]} Rc8 {[%emt 0:00:03]} 24. Nc3 {[%emt 0:00:16]} Nf6 {[%emt 0:00:03]} 25. Ne4 {[%emt 0:00:11]} Nxe4 {[%emt 0:00:03]} 26. f3 {[%emt 0:00:02] Gritschb resigns} 0-1